[Event "CRO-chT (Women) 32nd"]
[Site "Veli Losinj"]
[Date "2024.10.07"]
[Round "4.4"]
[White "Dejanovic, Tereza"]
[Black "Ivekovic, Zvjezdana"]
[Result "1-0"]
[WhiteElo "1940"]
[BlackElo "1836"]
[PlyCount "143"]
[EventDate "2024.10.05"]
[EventType "team-tourn"]
[EventRounds "9"]
[EventCountry "CRO"]
[SourceTitle "CB45_2024"]
[Source "ChessBase"]
[SourceDate "2024.11.06"]
[SourceVersion "1"]
[SourceVersionDate "2024.11.06"]
[SourceQuality "1"]
[WhiteTeam "Busevec Polet (W)"]
[BlackTeam "Sisak (W)"]
[WhiteTeamCountry "CRO"]
[BlackTeamCountry "CRO"]

1. e4 e5 2. Nf3 Nc6 3. Bb5 Nge7 4. c3 d5 5. Nxe5 dxe4 6. 0-0 a6 7. Bxc6+ Nxc6 8. Qa4 Qd5 9. Nxc6 Qxc6 10. Qxc6+ bxc6 11. Re1 Be6 12. Rxe4 0-0-0 13. b4 Bf5 14. Re3 g6 15. d4 Bh6 16. Re1 Rhe8 17. Be3 Re6 18. Nd2 Rde8 19. Nc4 f6 20. Red1 Bg7 21. h3 g5 22. Nb2 g4 23. hxg4 Bxg4 24. Rd2 h5 25. Nd3 h4 26. Nf4 Re4 27. Nh3 Bh5 28. a4 Bf8 29. Rb2 Bf7 30. b5 cxb5 31. axb5 axb5 32. Rxb5 Kd7 33. Ra4 Bd6 34. c4 Rxe3 35. fxe3 Rxe3 36. Rb1 Bg3 37. Nf2 Re2 38. Nh1 Bf4 39. Kf1 Rd2 40. d5 Bg6 41. Re1 Bd3+ 42. Kg1 h3 43. Nf2 h2+ 44. Kh1 Rxf2 45. c5 Bf1 46. Rxf4 Rxf4 47. Kxh2 Bc4 48. d6 cxd6 49. cxd6 Kxd6 50. Re3 f5 51. g3 Rg4 52. Re1 Be6 53. Re3 Ke7 54. Re1 Kf6 55. Re3 Bc4 56. Re1 Kg5 57. Re7 Rd4 58. Rg7+ Kh5 59. Rh7+ Kg4 60. Rh4+ Kg5 61. Rxd4 Be2 62. Kg2 Bh5 63. Kf2 Be8 64. Ke3 Bc6 65. Rd8 Ba4 66. Rg8+ Kf6 67. Kf4 Bc2 68. Rc8 Bb1 69. Rc6+ Kf7 70. Kg5 Be4 71. Rf6+ Kg7 72. Rxf5 1-0

[Event "CRO-chT (Women) 31st"]
[Site "Veli Losinj"]
[Date "2023.10.18"]
[Round "9.3"]
[White "Ivekovic, Zvjezdana"]
[Black "Ascic, Josipa"]
[Result "1-0"]
[WhiteElo "1721"]
[BlackElo "1541"]
[PlyCount "109"]
[EventDate "2023.10.11"]
[EventType "team-tourn"]
[EventRounds "9"]
[EventCountry "CRO"]
[SourceTitle "CBM 216 Extra"]
[Source "ChessBase"]
[SourceDate "2023.11.30"]
[SourceVersion "1"]
[SourceVersionDate "2023.11.30"]
[SourceQuality "1"]
[WhiteTeam "Sisak (W)"]
[BlackTeam "Djakovo Limmont (W)"]
[WhiteTeamCountry "CRO"]
[BlackTeamCountry "CRO"]

1. d4 Nf6 2. c4 e6 3. Nf3 d5 4. e3 c6 5. Nbd2 b6 6. g3 Be7 7. Bg2 Bb7 8. 0-0 0-0 9. b3 dxc4 10. bxc4 c5 11. Bb2 Nbd7 12. Qc2 Rc8 13. Rfd1 Qc7 14. Rac1 Rfd8 15. Nb3 Be4 16. Qc3 Qb7 17. Nbd2 cxd4 18. exd4 Nd5 19. Qb3 Nb4 20. Nxe4 Qxe4 21. Nh4 Qg4 22. h3 Qh5 23. Nf3 Qf5 24. a3 Nc6 25. Qe3 Na5 26. g4 Qg6 27. Nd2 f6 28. Re1 Qf7 29. Qxe6 Qxe6 30. Rxe6 Kf8 31. Rce1 Re8 32. Bd5 Rc7 33. a4 Rcc8 34. Bc3 Nb8 35. Rb1 Nac6 36. Ne4 Nd8 37. Rxe7 Kxe7 38. Bb4+ Kd7 39. Ng3 Nbc6 40. Bc3 Ne6 41. Nf5 g6 42. Bxe6+ Rxe6 43. d5 gxf5 44. dxe6+ Kxe6 45. Re1+ Kf7 46. gxf5 Ne5 47. Bxe5 fxe5 48. Rxe5 Rxc4 49. a5 Rc5 50. Rxc5 bxc5 51. Kf1 Kf6 52. Ke2 Kxf5 53. Kd3 Kg5 54. Kc4 Kh4 55. f4 1-0

[Event "CRO-chT (Women) 28th"]
[Site "Mali Losinj"]
[Date "2019.10.02"]
[Round "6.32"]
[White "Medic, Mirjana"]
[Black "Ivekovic, Zvjezdana"]
[Result "1-0"]
[WhiteElo "2186"]
[BlackElo "1779"]
[PlyCount "75"]
[EventDate "2019.09.28"]
[EventType "team-tourn"]
[EventRounds "9"]
[EventCountry "CRO"]
[SourceTitle "EXT 2020"]
[Source "ChessBase"]
[SourceDate "2019.10.17"]
[SourceVersion "1"]
[SourceVersionDate "2019.10.17"]
[SourceQuality "1"]
[WhiteTeam "Busevec Polet (W)"]
[BlackTeam "Sisak (W)"]
[WhiteTeamCountry "CRO"]
[BlackTeamCountry "CRO"]

1. d4 d5 2. Nf3 c6 3. c4 Nf6 4. Nc3 e6 5. e3 Nbd7 6. Qc2 Bd6 7. Bd3 0-0 8. 0-0 dxc4 9. Bxc4 b5 10. Be2 Bb7 11. Rd1 Qe7 12. a3 Rfc8 13. e4 e5 14. g3 exd4 15. Nxd4 Be5 16. Nf5 Qe6 17. Bf3 Nb6 18. Be3 Rd8 19. Nd4 Qe8 20. Nb3 Nc4 21. Rxd8 Qxd8 22. Rd1 Qc7 23. Bd4 a5 24. Bxe5 Nxe5 25. Bg2 Qb6 26. Qe2 Ba6 27. Qc2 a4 28. Nd4 Nc4 29. Nxc6 Re8 30. Nb4 Bb7 31. h3 Bc8 32. Nxa4 bxa4 33. Qxc4 Be6 34. Qc3 Bb3 35. Rd4 Qb8 36. Nc6 Qb7 37. e5 Qb5 38. exf6 1-0

[Event "Valpovo op (Women) 21st"]
[Site "Valpovo"]
[Date "2018.12.08"]
[Round "3.5"]
[White "Ivekovic, Zvjezdana"]
[Black "Juric, Ester"]
[Result "1/2-1/2"]
[WhiteElo "1715"]
[BlackElo "1550"]
[PlyCount "139"]
[EventDate "2018.12.07"]
[EventType "swiss (rapid)"]
[EventRounds "7"]
[EventCountry "CRO"]
[SourceTitle "EXT 2023"]
[Source "ChessBase"]
[SourceDate "2022.10.05"]
[SourceVersion "1"]
[SourceVersionDate "2022.10.05"]
[SourceQuality "1"]

1. d4 d5 2. c4 e6 3. Nf3 Nf6 4. g3 b6 5. Bg2 Bb7 6. 0-0 Be7 7. Nc3 0-0 8. b3 Nbd7 9. Bb2 Re8 10. Rc1 c5 11. cxd5 Nxd5 12. Nxd5 Bxd5 13. Re1 Nf6 14. e3 Rc8 15. Qe2 cxd4 16. Nxd4 Bxg2 17. Kxg2 Qd5+ 18. e4 Qb7 19. f3 Rxc1 20. Rxc1 Rc8 21. Qd2 h6 22. Rc2 Rxc2 23. Qxc2 Qa6 24. Nc6 Bc5 25. b4 Bf8 26. a4 Qb7 27. b5 Bc5 28. Be5 Nd7 29. Bf4 a6 30. Qd3 axb5 31. axb5 Bf8 32. Bd6 Bxd6 33. Qxd6 Nf6 34. Ne7+ Kh7 35. Qd8 Qd7 36. Qxd7 Nxd7 37. Kf2 g6 38. Ke3 Kg7 39. Kd4 Kf8 40. Nc8 Ke8 41. Nd6+ Ke7 42. e5 f6 43. f4 f5 44. h3 h5 45. Ke3 Kf8 46. Kf3 Kg7 47. g4 hxg4+ 48. hxg4 Kf8 49. Kg3 Kg7 50. Kh4 Kh6 51. Nf7+ Kg7 52. Nd8 Nc5 53. gxf5 gxf5 54. Kh5 Kh7 55. Nc6 Ne4 56. Nd4 Nc5 57. Nf3 Ne4 58. Nd4 Nc5 59. Nc2 Nd7 60. Kg5 Kg7 61. Nd4 Nc5 62. Kh5 Kh7 63. Kg5 Kg7 64. Nxf5+ exf5 65. Kxf5 Kf7 66. Kg5 Ke6 67. Kg4 Nd7 68. Kf3 Nxe5+ 69. fxe5 Kxe5 70. Ke3 1/2-1/2

[Event "CRO-ch (Women)"]
[Site "Zagreb"]
[Date "2018.05.25"]
[Round "3"]
[White "Bevanda, Ema"]
[Black "Ivekovic, Zvjezdana"]
[Result "0-1"]
[WhiteElo "1471"]
[BlackElo "1708"]
[PlyCount "90"]
[EventDate "2018.05.23"]
[EventType "swiss"]
[EventRounds "9"]
[EventCountry "CRO"]
[SourceTitle "CBM 184 Extra"]
[Source "ChessBase"]
[SourceDate "2018.06.28"]
[SourceVersion "1"]
[SourceVersionDate "2018.06.28"]
[SourceQuality "1"]

1. d4 d5 2. Bf4 e6 3. e3 Bd6 4. Bg3 Nf6 5. Nf3 Bd7 6. Bd3 Nc6 7. Nbd2 Qe7 8. c3 e5 9. dxe5 Nxe5 10. Nxe5 Bxe5 11. Nf3 Bxg3 12. hxg3 c5 13. Qc2 h6 14. Rd1 0-0-0 15. 0-0 h5 16. c4 dxc4 17. Bxc4 Ng4 18. Rc1 h4 19. gxh4 Rxh4 20. Bd5 b6 21. Nxh4 Qxh4 22. Rfd1 Rh8 23. Kf1 Bb5+ 24. Ke1 Nxe3 25. Qe4 Qxe4 26. Bxe4 Nxd1 27. Rxd1 Re8 28. f3 Bc6 29. Kf2 Bxe4 30. fxe4 Rxe4 31. a3 Kc7 32. Rd2 Kc6 33. Kf3 Rd4 34. Re2 a5 35. Ke3 Rd7 36. Rc2 Kb5 37. Rc3 Ka4 38. Ke2 Rd5 39. Ke3 Rg5 40. Kf3 b5 41. g4 c4 42. Kf4 Rd5 43. Ke3 Rd3+ 44. Rxd3 cxd3 45. Kxd3 Kb3 0-1

[Event "CRO-ch (Women)"]
[Site "Zagreb"]
[Date "2018.05.23"]
[Round "1"]
[White "Ivekovic, Tihana"]
[Black "Ivekovic, Zvjezdana"]
[Result "1-0"]
[WhiteElo "2184"]
[BlackElo "1708"]
[PlyCount "65"]
[EventDate "2018.05.23"]
[EventType "swiss"]
[EventRounds "9"]
[EventCountry "CRO"]
[SourceTitle "CBM 184 Extra"]
[Source "ChessBase"]
[SourceDate "2018.06.28"]
[SourceVersion "1"]
[SourceVersionDate "2018.06.28"]
[SourceQuality "1"]

1. d4 d5 2. c4 c6 3. Nc3 Nf6 4. Nf3 Bf5 5. cxd5 cxd5 6. Qb3 b6 7. Bf4 a6 8. e3 e6 9. Bxb8 Qxb8 10. Bxa6 Bd6 11. Bb5+ Ke7 12. Qd1 Ne4 13. Nxe4 dxe4 14. Nh4 Bxh2 15. Nxf5+ exf5 16. Qh5 Qc8 17. Qxh2 Rxa2 18. 0-0 Rxb2 19. Ra7+ Kf6 20. Qe5+ Kg6 21. Bd7 Qb8 22. Qxf5+ Kh6 23. g4 g6 24. g5+ Kg7 25. Qf6+ Kg8 26. Rfa1 Rb1+ 27. Rxb1 Qxa7 28. Rxb6 h6 29. Be6 fxe6 30. Qxg6+ Kf8 31. Qf6+ Kg8 32. g6 Qxb6 33. Qf7# 1-0

[Event "CRO-chT U16 Girls"]
[Site "Nasice"]
[Date "2015.12.30"]
[Round "5.2"]
[White "Njegovanovic Ocelic, Paula"]
[Black "Ivekovic, Zvjezdana"]
[Result "1-0"]
[WhiteElo "1591"]
[BlackElo "1604"]
[PlyCount "91"]
[EventDate "2015.12.27"]
[EventType "team-tourn"]
[EventRounds "5"]
[EventCountry "CRO"]
[SourceTitle "EXT 2019"]
[Source "ChessBase"]
[SourceDate "2018.10.10"]
[SourceVersion "1"]
[SourceVersionDate "2018.10.10"]
[SourceQuality "1"]

1. e4 e5 2. Nf3 Nf6 3. Nc3 Nc6 4. Bc4 Bc5 5. 0-0 0-0 6. d3 d6 7. h3 Be6 8. Bb3 Nd4 9. Bg5 h6 10. Bh4 Nxf3+ 11. Qxf3 g5 12. Bg3 g4 13. Qe2 Nh5 14. Kh2 Nxg3 15. fxg3 gxh3 16. gxh3 Qg5 17. Bxe6 fxe6 18. Rxf8+ Rxf8 19. Rf1 a6 20. Rxf8+ Kxf8 21. b3 Ke7 22. Kg2 Bd4 23. Nd1 d5 24. Nf2 h5 25. h4 Qg6 26. Qf3 c6 27. g4 Bxf2 28. Kxf2 hxg4 29. Qe3 g3+ 30. Qxg3 Qf6+ 31. Kg2 Kf7 32. Qf3 Qf4 33. Qxf4+ exf4 34. exd5 cxd5 35. d4 Kg6 36. Kf3 Kf5 37. h5 Kg5 38. h6 Kxh6 39. Kxf4 Kg6 40. Ke5 Kf7 41. Kd6 Kf6 42. c4 dxc4 43. bxc4 Kf5 44. Kc5 Kf4 45. d5 e5 46. d6 1-0

[Event "CRO-chT (Women)"]
[Site "Bol"]
[Date "2014.10.06"]
[Round "3.4"]
[White "Cyfka, Karina"]
[Black "Ivekovic, Zvjezdana"]
[Result "1-0"]
[WhiteElo "2393"]
[BlackElo "1605"]
[PlyCount "69"]
[EventDate "2014.10.04"]
[EventType "team-tourn"]
[EventRounds "7"]
[EventCountry "CRO"]
[SourceTitle "CBM 162 Extra"]
[Source "ChessBase"]
[SourceDate "2014.10.17"]
[SourceVersion "1"]
[SourceVersionDate "2014.10.17"]
[SourceQuality "1"]
[WhiteTeam "Split Mornar (W)"]
[BlackTeam "Djakovo (W)"]
[WhiteTeamCountry "CRO"]
[BlackTeamCountry "CRO"]

1. d4 d5 2. c4 c6 3. Nf3 Nf6 4. e3 e6 5. Nbd2 Bd6 6. Bd3 Nbd7 7. 0-0 0-0 8. e4 dxe4 9. Nxe4 Nxe4 10. Bxe4 f5 11. Bc2 h6 12. Re1 Qf6 13. c5 Bc7 14. Rxe6 Qd8 15. Bb3 Kh8 16. Re1 Nf6 17. Ne5 Bxe5 18. dxe5 Nd5 19. Bxd5 cxd5 20. Qb3 Rf7 21. e6 Re7 22. Bf4 Qe8 23. Qxd5 Rxe6 24. Be5 Qc6 25. Rad1 Kh7 26. Qxc6 Rxc6 27. Bd6 b6 28. Re7 Ba6 29. Be5 Rg6 30. Rdd7 Rg8 31. b4 bxc5 32. bxc5 Bb5 33. Rxa7 h5 34. f3 Bc6 35. Kf2 1-0

[Event "CRO-ch U15 Girls"]
[Site "Kastel Stafilic"]
[Date "2014.06.27"]
[Round "9"]
[White "Spiranec, Noemi"]
[Black "Ivekovic, Zvjezdana"]
[Result "1/2-1/2"]
[WhiteElo "1713"]
[BlackElo "1600"]
[PlyCount "114"]
[EventDate "2014.06.22"]
[EventType "swiss"]
[EventRounds "9"]
[EventCountry "CRO"]
[SourceTitle "CBM 161 Extra"]
[Source "ChessBase"]
[SourceDate "2014.08.29"]
[SourceVersion "1"]
[SourceVersionDate "2014.08.29"]
[SourceQuality "1"]

1. e4 e5 2. Nf3 Nc6 3. Bb5 a6 4. Ba4 Nf6 5. Qe2 b5 6. Bb3 Bc5 7. c3 d6 8. h3 Qe7 9. d3 h6 10. g4 Be6 11. Nbd2 Bb6 12. Nf1 d5 13. Ng3 dxe4 14. dxe4 Nd7 15. Nh4 Qxh4 16. Nh5 g6 17. Ng7+ Ke7 18. Nxe6 fxe6 19. Be3 Bxe3 20. Qxe3 Raf8 21. 0-0 Qf6 22. Rad1 Qf4 23. Rxd7+ Kxd7 24. Rd1+ Ke8 25. Qc5 Qxf2+ 26. Qxf2 Rxf2 27. Kxf2 Rf8+ 28. Ke3 Ke7 29. a4 Na5 30. Ba2 bxa4 31. Ra1 Ra8 32. Rf1 Rb8 33. Rf2 g5 34. Kd3 Rd8+ 35. Kc2 Rb8 36. h4 gxh4 37. Rh2 Rg8 38. Rxh4 Rg6 39. c4 c5 40. Kc3 Nc6 41. Bb1 Nd4 42. Bd3 Kd6 43. Rh1 Nb3 44. Be2 Nd4 45. Bd1 Nb3 46. Rf1 Ke7 47. Rh1 Kd6 48. Rf1 Ke7 49. Rh1 Kf7 50. Rh5 Kf6 51. Rh3 Kg5 52. Kd3 Kf6 53. Rh5 Nd4 54. Ke3 Nb3 55. Be2 Nd4 56. Bd1 Nb3 57. Be2 Nd4 1/2-1/2

[Event "CRO-ch U15 Girls"]
[Site "Kastel Stafilic"]
[Date "2014.06.24"]
[Round "5"]
[White "Racki, Bojana"]
[Black "Ivekovic, Zvjezdana"]
[Result "0-1"]
[WhiteElo "1525"]
[BlackElo "1600"]
[PlyCount "116"]
[EventDate "2014.06.22"]
[EventType "swiss"]
[EventRounds "9"]
[EventCountry "CRO"]
[SourceTitle "CBM 161 Extra"]
[Source "ChessBase"]
[SourceDate "2014.08.29"]
[SourceVersion "1"]
[SourceVersionDate "2014.08.29"]
[SourceQuality "1"]

1. d4 d5 2. Nf3 Nf6 3. Bf4 Bf5 4. e3 e6 5. Ne5 Nbd7 6. g4 Be4 7. f3 Bg6 8. h4 h6 9. Nxg6 fxg6 10. Bd3 Kf7 11. Nd2 Be7 12. c3 Nf8 13. Qc2 Bd6 14. Be5 Qe7 15. 0-0-0 Rc8 16. Rhg1 g5 17. h5 Rg8 18. Bg6+ Nxg6 19. Qxg6+ Kf8 20. Rdf1 Qf7 21. f4 Qxg6 22. hxg6 Ke7 23. fxg5 hxg5 24. Rf3 Rcf8 25. c4 Bxe5 26. dxe5 Nd7 27. Rxf8 Rxf8 28. cxd5 exd5 29. e4 Nxe5 30. exd5 Nxg6 31. Ne4 Nf4 32. Rd1 Rd8 33. Nxg5 Rxd5 34. Rxd5 Nxd5 35. Nf3 Ne3 36. g5 Kf7 37. Kd2 Nc4+ 38. Kc3 Nd6 39. Kd3 Kg6 40. Ke3 Nc4+ 41. Kf4 Nxb2 42. Ne5+ Kh7 43. g6+ Kg8 44. Kg5 Na4 45. Ng4 Nc3 46. Nh6+ gxh6+ 47. Kxh6 Nxa2 48. g7 c5 49. Kg6 c4 50. Kf6 c3 51. Kg6 c2 52. Kf6 c1Q 53. Kg6 Qf1 54. Kh6 Nc3 55. Kg6 Ne4 56. Kh6 Qg1 57. Kh5 Nf6+ 58. Kh4 Qg4# 0-1

[Event "CRO-ch U15 Girls"]
[Site "Kastel Stafilic"]
[Date "2014.06.23"]
[Round "3"]
[White "Ivekovic, Zvjezdana"]
[Black "Vujic, Viktorija"]
[Result "1/2-1/2"]
[WhiteElo "1600"]
[BlackElo "1534"]
[PlyCount "53"]
[EventDate "2014.06.22"]
[EventType "swiss"]
[EventRounds "9"]
[EventCountry "CRO"]
[SourceTitle "CBM 161 Extra"]
[Source "ChessBase"]
[SourceDate "2014.08.29"]
[SourceVersion "1"]
[SourceVersionDate "2014.08.29"]
[SourceQuality "1"]

1. d4 d5 2. c4 dxc4 3. Nf3 Nf6 4. e3 e6 5. Bxc4 a6 6. Qc2 Nbd7 7. 0-0 b5 8. Bd3 c5 9. b3 Bb7 10. Nbd2 Qb6 11. Bb2 Be7 12. Rac1 Rc8 13. Qb1 0-0 14. Rfd1 Rfd8 15. Ba1 h6 16. Qb2 Bf8 17. Qb1 Be7 18. a3 Bd5 19. e4 Bb7 20. Bb2 a5 21. Bc3 b4 22. Nc4 Qa7 23. Bb2 Nb6 24. Nxb6 Qxb6 25. Bc2 Kf8 26. a4 c4 27. bxc4 1/2-1/2

[Event "CRO-chT U20 23rd"]
[Site "Sv Filip i Jakov"]
[Date "2014.04.14"]
[Round "2.4"]
[White "Ivekovic, Zvjezdana"]
[Black "Batory, Lucija"]
[Result "1-0"]
[WhiteElo "1615"]
[BlackElo "1610"]
[PlyCount "51"]
[EventDate "2014.04.14"]
[EventType "team-tourn"]
[EventRounds "11"]
[EventCountry "CRO"]
[SourceTitle "EXT 2016"]
[Source "ChessBase"]
[SourceDate "2015.10.08"]
[SourceVersion "1"]
[SourceVersionDate "2015.10.08"]
[SourceQuality "1"]

1. d4 d5 2. c4 e6 3. Nc3 c6 4. Nf3 dxc4 5. e4 b5 6. Bd2 a5 7. a4 Bb4 8. axb5 Bxc3 9. Bxc3 cxb5 10. b3 Bb7 11. bxc4 b4 12. Bb2 Bxe4 13. Be2 Nf6 14. 0-0 0-0 15. Qb3 Nbd7 16. Rfd1 Qc7 17. Ng5 Bc6 18. d5 exd5 19. cxd5 Nxd5 20. Rxd5 Bxd5 21. Qxd5 Qc2 22. Qd4 Nf6 23. Bd3 Qc7 24. Nxh7 Rfd8 25. Nxf6+ Kf8 26. Nh7+ 1-0

[Event "Djakovo (Women) op"]
[Site "Djakovo"]
[Date "2014.01.12"]
[Round "4"]
[White "Ivekovic, Zvjezdana"]
[Black "Petricevic, Ivana Antoaneta"]
[Result "1/2-1/2"]
[WhiteElo "1614"]
[BlackElo "1660"]
[PlyCount "44"]
[EventDate "2014.01.11"]
[EventType "swiss"]
[EventRounds "5"]
[EventCountry "CRO"]
[SourceTitle "EXT 2016"]
[Source "ChessBase"]
[SourceDate "2015.10.08"]
[SourceVersion "1"]
[SourceVersionDate "2015.10.08"]
[SourceQuality "1"]

1. d4 Nf6 2. c4 e6 3. Nf3 Bb4+ 4. Nbd2 b6 5. g3 Bb7 6. Bg2 0-0 7. 0-0 Bxd2 8. Qxd2 Ne4 9. Qc2 f5 10. b3 a5 11. Rd1 d6 12. Be3 Nd7 13. Ng5 Nxg5 14. Bxb7 Rb8 15. Bc6 Nf7 16. Bg2 Qe7 17. a3 Nf6 18. h3 g6 19. Rdb1 e5 20. dxe5 dxe5 21. c5 Rfd8 22. Rd1 b5 1/2-1/2